Festas de la canonisació de Santa Maria de Cervelló ó del Socós en 1693 / (Record no. 41605)

MARC details
000 -LEADER
campo de control de longitud fija 00782nam a2200205 i 4500
001 - NÚMERO DE CONTROL
campo de control 41605
003 - IDENTIFICADOR DE NÚMERO DE CONTROL
campo de control ES-MaACL
005 - FECHA Y HORA DE LA ÚLTIMA TRANSACCIÓN
campo de control 20251011063102.0
007 - CAMPO FIJO DE DESCRIPCIÓN FÍSICA--INFORMACIÓN GENERAL
campo de control de longitud fija t|
008 - DATOS DE LONGITUD FIJA--INFORMACIÓN GENERAL
campo de control de longitud fija 030311q1890 sp ||||1| cat d
100 1# - ENTRADA PRINCIPAL--NOMBRE DE PERSONA
Nombre de persona Carreras i Candi, Francesc,
Fechas asociadas al nombre 1862-1937
9 (RLIN) 35674
245 10 - MENCIÓN DEL TÍTULO
Título Festas de la canonisació de Santa Maria de Cervelló ó del Socós en 1693 /
Mención de responsabilidad, etc. per Francesc Carreras y Candi.
260 ## - PUBLICACIÓN, DISTRIBUCIÓN, ETC.
Lugar de publicación, distribución, etc. Barcelona :
Nombre del editor, distribuidor, etc. Estampa "La Catalana" de Jaume Puigventós,
Fecha de publicación, distribución, etc. [1890 o post.]
300 ## - DESCRIPCIÓN FÍSICA
Extensión 64 p. ;
Dimensiones 22 cm.
500 ## - NOTA GENERAL
Nota general Fecha aproximada de edición obtenida de Palau.
600 14 - PUNTO DE ACCESO ADICIONAL DE MATERIA--NOMBRE DE PERSONA
Nombre de persona María de Cervelló
Títulos y otros términos asociados al nombre Santa (
Fechas asociadas al nombre 1230-1290)-
Subdivisión general Biografías.
9 (RLIN) 150529
650 #4 - PUNTO DE ACCESO ADICIONAL DE MATERIA--TÉRMINO DE MATERIA
Término de materia o nombre geográfico como elemento de entrada Fiestas religiosas-
Subdivisión geográfica Cataluña.
9 (RLIN) 150530
852 ## - LOCALIZACIÓN
Ubicación ES-MaACL
Número de control de estantería T-1001-F-4
Holdings
Estatus retirado Estado de pérdida Estado de daño No para préstamo Colección Biblioteca de origen Biblioteca actual Ubicación en estantería Fecha de adquisición Fuente de adquisición Total de préstamos Signatura topográfica completa Código de barras Visto por última vez Precio de reemplazo Tipo de ítem Koha
        Colección de folletos Biblioteca del Ateneo de Madrid Biblioteca del Ateneo de Madrid Depósito folletos 17/01/2008     T-1001-F-4 1043799 23/02/2023 23/02/2023 Folleto